LEADER 01333nam a2200277 i 4500 001 000000180262 003 CaOOAMICUS 005 20160314000000.0 008 160314s2008 it u000 u ita u 013 $a157907 020 $a978-88-452-6121-3 040 $aSeMil$bita 100 1 $aTetens, Johann Nikolaus.$0(OLS)http://semarc/name/66757 240 10$aPhilosophische Versuche über die menschliche Natur und ihre Entwicklung.$0(OLS)http://semarc/title/258864 245 10$aSaggi filosofici sulla natura umana e sul suo sviluppo /$cJohann Nicolaus Tetens ; Introduzione, traduzione, note e apparati di Raffaele Ciafardone. 260 $aMilano :$bBompiani,$c2008. 300 $a1296 p. ;$c22 cm. 490 0 $aIl pensiero occidentale 650 4$aFilosofia - Testi - Sec. 18.$0(OLS)http://semarc/subject/50 700 1 $aCiafardone, Raffaele,$d<1940- >.$0(OLS)http://semarc/name/49686 830 0$aBompiani Il pensiero occidentale.$0(OLS)http://semarc/title/10111 850 $aSeMil 852 $aSeMil$W1$xVenegono$y1$m2OA I 410$j131012$B131012$CSeMilBibl$Z2$F142916 $81 996 $6020$a978-88-452-6121-3$9(OLS)http://semarc/number/169589 996 $6245$aSaggi filosofici sulla natura umana e sul suo sviluppo$9(OLS)http://semarc/title/258863 996 $6260$aMilano :$bBompiani$9(OLS)http://semarc/publisher/29706 LEADER 01261nam a2200253 i 4500 001 000000182242 003 CaOOAMICUS 005 20091016000000.0 008 091016s1951 be u000 u ger u 013 $a160181 040 $aSeMil$bita 100 1 $aGraf, Georg,$d<1875-1955>.$0(OLS)http://semarc/name/31813 245 14$aDie schriften des Jacobiten habibib ibn Hidma Abu Ra'ita /$cUbersetzt von Georg Graf. 260 $aLouvain :$bImprimerie Orientaliste,$c1951. 300 $aXXX, 207 p. ;$c25 cm. 490 0 $aCorpus Scriptorum Christianorum Orientalium ;$v131. Scriptores Arabici ; 15 490 0 $aCorpus Scriptorum Christianorum Orientalium. Scriptores Arabici ;$vTome15 830 0$aCorpus Scriptorum Christianorum Orientalium ;$v131. Scriptores Arabici ; 15.$0(OLS)http://semarc/title/77 830 0$aCorpus Scriptorum Christianorum Orientalium. Scriptores Arabici ;$vTome15.$0(OLS)http://semarc/title/29265 850 $aSeMil 852 $aSeMil$W1$xVenegono$y1$m2S III 131$j132946$B132946$CSeMilBibl$Z2$F144741 $81 961 $aOmaggio: Altro 996 $6245$aDie schriften des Jacobiten habibib ibn Hidma Abu Ra'ita$9(OLS)http://semarc/title/261539 996 $6260$aLouvain :$bImprimerie Orientaliste$9(OLS)http://semarc/publisher/35644